000 00627naa a22002057a 4500
001 2162214035924863
003 UA-OsUOA
005 20240419120700.0
008 240419b un ||||| |||| 00| 0 ukr d
040 _aUA-OsUOA
_bukr
_cUA-OsUOA
_dUA-OsUOA
041 _aukr
080 _a908
090 _a908
100 _aДанилюк Д.
_92511
245 _aТри зустрічі з ученим
_cДмитро Данилюк
300 _aС. 43–45
650 _2UDC
773 0 _0364501
_9328251
_dНью-Йорк 1999
_o91190
_tОсягнення історії
_w(UA-OsUOA) 78191
_z966-95166-7-6
942 _2udc
_cBKA
999 _c576272
_d576272